The work of Constantine-Cyril the philosopher

Uloženo v:
Podrobná bibliografie
Hlavní autor: Miscellany, A.
Médium: Kniha
Jazyk:Undetermined
Vydáno: Sofía, Bulgaria Dimiter Kartalev [s.f.]
Témata:
Tagy: Přidat tag
Žádné tagy, Buďte první, kdo vytvoří štítek k tomuto záznamu!

MARC

LEADER 00000nam a2200000Ia 4500
008 170316s9999 xx 000 0 und d
090 |a 100 M-48w 
100 |a Miscellany, A. 
245 4 |a The work of Constantine-Cyril the philosopher 
260 |a Sofía, Bulgaria 
260 |b Dimiter Kartalev 
260 |c [s.f.] 
300 |a 123 páginas 
650 |a FILOSOFÍA 
999 |c 17028  |d 17028 
040 |a cru BVZT 
942 |c 15 D  |h 100 M-48w  |2 z